000
00240 a2200109 4500
001
51135
040
_c
Anchieta - Pituba
240
1
0
_a
Chile 1962
_l
245
1
0
_a
Chile 1962
650
4
_a
esportes atléticos e ao ar livre e jogos
942
_c
MX
999
_c
51135
_d
51135